FIRECO 2013 : X. medzinárodná konferencia.Ochrana pred požiarmi. Trenčín, SR, 2. - 3. máj 2013

Gespeichert in:
Bibliographische Detailangaben
Format: Buch
Veröffentlicht: Bratislava : Požiarnotechnický a expertízny ústav MV SR Bratislava, 2013
Tags: Tag hinzufügen
Keine Tags, Fügen Sie das erste Tag hinzu!

MARC

LEADER 00000nam a22000003a 4500
001 stu266708
005 20150408165311.7
008 130515s2013----xo----------------------d
020 |a 978-80-89051-12-0 
040 |a STU  |b slo 
041 0
044 |a xo 
245 |a FIRECO 2013 :  |b X. medzinárodná konferencia.Ochrana pred požiarmi. Trenčín, SR, 2. - 3. máj 2013 
260 |a Bratislava :  |b Požiarnotechnický a expertízny ústav MV SR Bratislava,  |c 2013 
300 |a 1 CD-ROM 
500 |a zborník bol recenzovaný 
996 |b 284M084210  |c M*CD-2285  |l MMKN  |s A  |a 24  |w stu266708_0001